书目信息 |
| 书名: | Squire's Fundamentals of Radiology | |
| 作者: | Robert A.Novelline,M.D. | |
| 分册号: | ||
| 分册名: | 出版地: |
|
| 出版社: | Harvard University Press | |
| 出版时间: | 1997. | |
| 页数: | 621 p. ; | |
| 开本: | 29cm. | |
| 丛书名: | ||
| 中图分类号: | ||
| 科图分类号: | ||
| 其他分类号: | R812 | |
| 主题词: | ||
| 电子资源: | ||
| 000 | 00397nam 2200145 a 4500 | |
| 001 | E0753357860 | |
| 005 | 20070513145952.60 | |
| 008 | 070513s1997 00010 eng | |
| 020 | @a0-674-83339-2. | |
| 040 | @aPFT@beng | |
| 090 | @aR812 | |
| 099 | @dR812@ex9=5 | |
| 245 | 1 | @aSquire's Fundamentals of Radiology / @cRobert A.Novelline,M.D. |
| 260 | @bHarvard University Press,@c1997. | |
| 300 | @a621 p. ;@c29cm. | |
| Squire's Fundamentals of Radiology / / Robert A.Novelline,M.D.-Harvard University Press, , 1997. |
| 621 p. ; ; 29cm. |
| ISBN 0-674-83339-2. |
| ● |
| 相关链接 |
|
|
|
|
正题名:Squire's Fundamentals of Radiology
索取号:R812/x9=5
 
预约/预借
| 序号 | 登录号 | 条形码 | 馆藏地/架位号 | 状态 | 备注 |
| 1 | 008696 | 300086966 | 第二样本阅览室/ [索取号:R812/x9=5] | 在馆 | |
| 2 | 008697 | 300086975 | 第四借阅区/ [索取号:R812/x9=5] | 在馆 | |
| 3 | 008698 | 300086984 | 第四借阅区/ [索取号:R812/x9=5] | 在馆 |